| 000 | 00674nam a2200193 a 4500 | ||
|---|---|---|---|
| 001 | 000031912 | ||
| 005 | 20250129102325.0 | ||
| 008 | 110707s2008 dr acd 000 0 spa d | ||
| 020 | _a9789945858716 | ||
| 040 |
_aDO-SdBNP _bspa _cBNPHU |
||
| 082 |
_axxx _bM917i |
||
| 100 | 1 |
_aMota García, Fausto, _d1955- _931957 |
|
| 245 | 1 | 0 |
_aINABIMA : _bun modelo de gestión / _cFausto Mota García, Maritza Rossi Q. de Pérez. |
| 260 |
_aSanto Domingo : _bInstituto Nacional de Bienestar Magisterial (INABIMA), _c2008. |
||
| 300 |
_a140 p. : _bil., diagrs., retrs. ; _c22 cm. |
||
| 504 | _aBibliografía : p. 138-140 | ||
| 700 | 1 |
_aRossi Q. de Pérez, Maritza, _936367 |
|
| 049 | _aBNPD | ||
| 999 |
_c31403 _d31403 |
||